| 000 | 00826cam a22002652 4500 | ||
|---|---|---|---|
| 999 |
_c8391 _d8391 |
||
| 001 | 8391 | ||
| 003 | BD - JhCC | ||
| 005 | 20191001134019.0 | ||
| 008 | 700923s1970 maua b 001 0 eng | ||
| 035 | _a(BD - JhCC)8391 | ||
| 040 |
_aDLC _cDLC _dOCL _dUKM _dEQO _dBD - JhCC |
||
| 041 | _aeng | ||
| 050 | 0 |
_aQA39.2 _b.E9 |
|
| 082 |
_a510 _bEVA 1970 |
||
| 100 | 1 |
_aEvans, Jacqueline P., _d1923- |
|
| 245 | 0 | 0 |
_aMathematics: creation and study of form / _c[by] Jacqueline P. Evans. |
| 260 |
_aReading, Mass. : _bAddison-Wesley Pub. Co., _c[1970] |
||
| 300 |
_ax, 358 p. _billus. _c25 cm. |
||
| 490 | 1 | _aAddison-Wesley series in introductory mathematics | |
| 504 | _aBibliography: p. 336-338. | ||
| 650 | 0 | _aMathematics. | |
| 830 | 0 | _aAddison-Wesley series in introductory mathematics | |
| 942 |
_2ddc _cBK _02 |
||